Topiel : (Record no. 16600)

MARC details
000 -LEADER
fixed length control field 00553cam a22001931a 4500
001 - CONTROL NUMBER
control field ca 30000273
003 - CONTROL NUMBER IDENTIFIER
control field DLC
005 - DATE AND TIME OF LATEST TRANSACTION
control field 20260227111122.0
008 - FIXED-LENGTH DATA ELEMENTS--GENERAL INFORMATION
fixed length control field 781128s1912 pl 000 1 pol
010 ## - LIBRARY OF CONGRESS CONTROL NUMBER
LC control number ca 30000273
035 ## - SYSTEM CONTROL NUMBER
System control number (OCoLC)4402743
040 ## - CATALOGING SOURCE
Original cataloging agency DLC
Transcribing agency NjR
Modifying agency PPiU
-- DLC
042 ## - AUTHENTICATION CODE
Authentication code premarc
050 00 - LIBRARY OF CONGRESS CALL NUMBER
Classification number PG7158.P65
Item number T6
100 1# - MAIN ENTRY--PERSONAL NAME
Personal name Przybyszewski, Stanisław,
Dates associated with a name 1868-1927.
245 10 - TITLE STATEMENT
Title Topiel :
Remainder of title dramat w trzech aktach /
Statement of responsibility, etc. Stanisław Przybyszewski.
260 ## - PUBLICATION, DISTRIBUTION, ETC.
Place of publication, distribution, etc. Warszawa :
Name of publisher, distributor, etc. Gebethner i Wolf,
Date of publication, distribution, etc. 1912.
300 ## - PHYSICAL DESCRIPTION
Extent 153, [1] p. ;
Dimensions 20 cm.

No items available.

Powered by Koha